2025–2026 NBA Statistical Leaders - Statistics

General Stats
  • This quiz has been taken 2,323 times
    531 since last reset
  • The average score is 28 of 48
Answer Stats
Answer % Correct
Luka Dončić
99%
S. Gilgeous-Alexander
99%
Nikola Jokić
98%
V. Wembanyama
97%
Anthony Edwards
90%
Jaylen Brown
87%
LeBron James
86%
Jalen Brunson
84%
Cade Cunningham
81%
Rudy Gobert
81%
Donovan Mitchell
80%
Tyrese Maxey
80%
James Harden
79%
G. Antetokounmpo
78%
Karl-Anthony Towns
78%
Kawhi Leonard
76%
Kon Knueppel
74%
LaMelo Ball
73%
Jalen Johnson
72%
Amen Thompson
70%
Ausar Thompson
70%
Chet Holmgren
69%
Devin Booker
66%
Jamal Murray
66%
Alperen Şengün
65%
Jalen Duren
65%
Evan Mobley
64%
Russell Westbrook
64%
Dyson Daniels
59%
Bam Adebayo
58%
Stephon Castle
58%
Donovan Clingan
48%
Josh Giddey
45%
N. Alexander-Walker
45%
Cason Wallace
43%
OG Anunoby
43%
Myles Turner
42%
Brandon Miller
41%
Jay Huff
34%
Isaiah Stewart
22%
Trey Murphy III
22%
Kel'el Ware
20%
Matas Buzelis
14%
Ryan Kalkbrenner
13%
Isaiah Collier
11%
Kris Dunn
11%
Yves Missi
8%
Jordan Goodwin
4%
No matching quizzes found
Score Distribution
Percent of People with Each Score
Percentile by Number Answered
Your Score History
You have not taken this quiz since the last reset